The giver / (Record no. 5986)

MARC details
000 -LEADER
fixed length control field 02767cam a2200697 i 4500
001 - CONTROL NUMBER
control field 5986
003 - CONTROL NUMBER IDENTIFIER
control field FISKH
005 - DATE AND TIME OF LATEST TRANSACTION
control field 20250218113525.0
008 - FIXED-LENGTH DATA ELEMENTS--GENERAL INFORMATION
fixed length control field 201218t20181993mau j 000 1 eng d
010 ## - LIBRARY OF CONGRESS CONTROL NUMBER
LC control number 2020430967
020 ## - INTERNATIONAL STANDARD BOOK NUMBER
International Standard Book Number 9781328471222
Qualifying information (hardcover)
020 ## - INTERNATIONAL STANDARD BOOK NUMBER
International Standard Book Number 9780544336261
Qualifying information $15.00
020 ## - INTERNATIONAL STANDARD BOOK NUMBER
International Standard Book Number 1328471225
Qualifying information (hardcover)
020 ## - INTERNATIONAL STANDARD BOOK NUMBER
International Standard Book Number 9780544336261
Qualifying information (paperback)
020 ## - INTERNATIONAL STANDARD BOOK NUMBER
International Standard Book Number 0544336267
Qualifying information (paperback)
040 ## - CATALOGING SOURCE
Original cataloging agency IMmBT
Language of cataloging eng
Transcribing agency FBR
Description conventions rda
082 ## - DEWEY DECIMAL CLASSIFICATION NUMBER
Classification number PZ7.L9673 G
084 ## - OTHER CLASSIFICATION NUMBER
Classification number 813.54
100 1# - MAIN ENTRY--PERSONAL NAME
Personal name Lowry, Lois,
Relator term author.
245 14 - TITLE STATEMENT
Title The giver /
Statement of responsibility, etc. by Lois Lowry.
260 ## - PUBLICATION, DISTRIBUTION, ETC.
Place of publication, distribution, etc. Boston :
Name of publisher, distributor, etc. Clarion Books,
Date of publication, distribution, etc. 1993.
300 ## - PHYSICAL DESCRIPTION
Extent 223 pages :
Dimensions 21 cm
336 ## - CONTENT TYPE
Content type term text
Content type code txt
Source rdacontent
337 ## - MEDIA TYPE
Media type term unmediated
Media type code n
Source rdamedia
338 ## - CARRIER TYPE
Carrier type term volume
Carrier type code nc
Source rdacarrier
490 0# - SERIES STATEMENT
Series statement Giver quartet
500 ## - GENERAL NOTE
General note "Originally published in hardcover in the United States by Houghton Mifflin Books for Children, an imprint of Houghton Mifflin Harcourt Publishing Company, 1993"--Title page verso.
500 ## - GENERAL NOTE
General note Includes the author's Newbery acceptance speech, and an afterword called "Ever After."
520 ## - SUMMARY, ETC.
Summary, etc. Given his lifetime assignment at the Ceremony of Twelve, Jonas becomes the receiver of memories shared by only one other in his community and discovers the terrible truth about the society in which he lives.
650 #0 - SUBJECT ADDED ENTRY--TOPICAL TERM
Topical term or geographic name entry element Individuality
Form subdivision Juvenile fiction.
650 #0 - SUBJECT ADDED ENTRY--TOPICAL TERM
Topical term or geographic name entry element Liberty
Form subdivision Juvenile fiction.
650 #0 - SUBJECT ADDED ENTRY--TOPICAL TERM
Topical term or geographic name entry element Social control
Form subdivision Juvenile fiction.
650 #0 - SUBJECT ADDED ENTRY--TOPICAL TERM
Topical term or geographic name entry element Social prediction
Form subdivision Juvenile fiction.
650 #0 - SUBJECT ADDED ENTRY--TOPICAL TERM
Topical term or geographic name entry element Memory
Form subdivision Juvenile fiction.
650 #0 - SUBJECT ADDED ENTRY--TOPICAL TERM
Topical term or geographic name entry element Dystopias
Form subdivision Juvenile fiction.
650 #1 - SUBJECT ADDED ENTRY--TOPICAL TERM
Topical term or geographic name entry element Science fiction.
650 #7 - SUBJECT ADDED ENTRY--TOPICAL TERM
Topical term or geographic name entry element Individuality
Form subdivision Fiction.
Source of heading or term cct
650 #7 - SUBJECT ADDED ENTRY--TOPICAL TERM
Topical term or geographic name entry element Liberty
Form subdivision Fiction.
Source of heading or term cct
650 #7 - SUBJECT ADDED ENTRY--TOPICAL TERM
Topical term or geographic name entry element Social control
Form subdivision Fiction.
Source of heading or term cct
650 #7 - SUBJECT ADDED ENTRY--TOPICAL TERM
Topical term or geographic name entry element Social prediction
Form subdivision Fiction.
Source of heading or term cct
650 #7 - SUBJECT ADDED ENTRY--TOPICAL TERM
Topical term or geographic name entry element Memory
Form subdivision Fiction.
Source of heading or term cct
650 #7 - SUBJECT ADDED ENTRY--TOPICAL TERM
Topical term or geographic name entry element Dystopias
Form subdivision Fiction.
Source of heading or term cct
650 #7 - SUBJECT ADDED ENTRY--TOPICAL TERM
Topical term or geographic name entry element Dystopias.
Source of heading or term fast
Authority record control number or standard number (OCoLC)fst00900372
650 #7 - SUBJECT ADDED ENTRY--TOPICAL TERM
Topical term or geographic name entry element Individuality.
Source of heading or term fast
Authority record control number or standard number (OCoLC)fst00970343
650 #7 - SUBJECT ADDED ENTRY--TOPICAL TERM
Topical term or geographic name entry element Liberty.
Source of heading or term fast
Authority record control number or standard number (OCoLC)fst00997251
650 #7 - SUBJECT ADDED ENTRY--TOPICAL TERM
Topical term or geographic name entry element Memory.
Source of heading or term fast
Authority record control number or standard number (OCoLC)fst01015913
650 #7 - SUBJECT ADDED ENTRY--TOPICAL TERM
Topical term or geographic name entry element Social control.
Source of heading or term fast
Authority record control number or standard number (OCoLC)fst01122415
650 #7 - SUBJECT ADDED ENTRY--TOPICAL TERM
Topical term or geographic name entry element Social prediction.
Source of heading or term fast
Authority record control number or standard number (OCoLC)fst01122769
650 #7 - SUBJECT ADDED ENTRY--TOPICAL TERM
Topical term or geographic name entry element Individuality
Form subdivision Fiction.
Source of heading or term sears
655 #0 - INDEX TERM--GENRE/FORM
Genre/form data or focus term Young adult fiction.
655 #7 - INDEX TERM--GENRE/FORM
Genre/form data or focus term Young adult works.
Source of term fast
Authority record control number or standard number (OCoLC)fst01726790
655 #7 - INDEX TERM--GENRE/FORM
Genre/form data or focus term Fiction.
Source of term fast
Authority record control number or standard number (OCoLC)fst01423787
655 #7 - INDEX TERM--GENRE/FORM
Genre/form data or focus term Juvenile works.
Source of term fast
Authority record control number or standard number (OCoLC)fst01411637
655 #7 - INDEX TERM--GENRE/FORM
Genre/form data or focus term Science fiction.
Source of term fast
Authority record control number or standard number (OCoLC)fst01726489
655 #7 - INDEX TERM--GENRE/FORM
Genre/form data or focus term Dystopias.
Source of term gsafd
655 #7 - INDEX TERM--GENRE/FORM
Genre/form data or focus term Science fiction.
Source of term lcgft
655 #7 - INDEX TERM--GENRE/FORM
Genre/form data or focus term Science fiction.
Source of term sears
906 ## - LOCAL DATA ELEMENT F, LDF (RLIN)
a 7
b cbc
c copycat
d 2
e ncip
f 20
g y-gencatlg
942 ## - ADDED ENTRY ELEMENTS (KOHA)
Source of classification or shelving scheme Dewey Decimal Classification
Koha item type Books
Suppress in OPAC No
Holdings
Withdrawn status Lost status Source of classification or shelving scheme Damaged status Not for loan Collection Home library Current library Shelving location Date acquired Total Checkouts Full call number Barcode Date due Date last seen Date last checked out Price effective from Koha item type
    Dewey Decimal Classification     Fiction Footprints International School Library Network Toul Kork Campus Footprints International School Library Network Toul Kork Campus A TK Campus, 4th Floor, Room B401, Fiction Bookcases (1-6) 02/18/2025 2 LOW 813.54 PZ7.L9673 G 2025-0603 04/16/2026 04/02/2026 04/02/2026 02/18/2025 Books